Condensed Novels : (Record no. 231615)
[ view plain ]
| 000 -LEADER | |
|---|---|
| fixed length control field | 01055cam a22002653a 4500 |
| 001 - CONTROL NUMBER | |
| control field | 2278 |
| 003 - CONTROL NUMBER IDENTIFIER | |
| control field | PGUSA |
| 005 - DATE AND TIME OF LATEST TRANSACTION | |
| control field | 20140828083012.0 |
| 008 - FIXED-LENGTH DATA ELEMENTS--GENERAL INFORMATION | |
| fixed length control field | 000801s2000||||xxu|||||s|||||000 | eng d |
| 040 ## - CATALOGING SOURCE | |
| Original cataloging agency | PGUSA |
| Language of cataloging | eng |
| 042 ## - AUTHENTICATION CODE | |
| Authentication code | dc |
| 050 #4 - LIBRARY OF CONGRESS CALL NUMBER | |
| Classification number | PS |
| 100 1# - MAIN ENTRY--PERSONAL NAME | |
| Personal name | Harte, Bret, |
| Dates associated with a name | 1836-1902 |
| 245 10 - TITLE STATEMENT | |
| Title | Condensed Novels : |
| Remainder of title | New Burlesques |
| Medium | [electronic resource] / |
| Statement of responsibility, etc | Bret Harte |
| 260 ## - PUBLICATION, DISTRIBUTION, ETC. (IMPRINT) | |
| Name of publisher, distributor, etc | Project Gutenberg, |
| Date of publication, distribution, etc | 2000 |
| 505 0# - FORMATTED CONTENTS NOTE | |
| Formatted contents note | Rupert the Resembler. By A-th--y H-pe -- The stolen cigar case. By A. Co--n D--le -- Golly and the Christian, or The minx and the Manxman. By H-ll C--ne -- The adventures of John Longbowe, yeoman -- Can'l Borem. By E. N---s W--t---t -- Stories three. By R-dy--d K-pl--ng. For Simla reasons, A private's honor, Jungle folk -- "Zut-Ski." by M-r-e C-r-lli |
| 506 ## - RESTRICTIONS ON ACCESS NOTE | |
| Terms governing access | Public domain in the USA. |
| 516 ## - TYPE OF COMPUTER FILE OR DATA NOTE | |
| Type of computer file or data note | Electronic text |
| 653 ## - INDEX TERM--UNCONTROLLED | |
| Uncontrolled term | Burlesques |
| 653 ## - INDEX TERM--UNCONTROLLED | |
| Uncontrolled term | Parodies |
| 653 ## - INDEX TERM--UNCONTROLLED | |
| Uncontrolled term | Short stories, American |
| 830 #0 - SERIES ADDED ENTRY--UNIFORM TITLE | |
| Uniform title | Project Gutenberg |
| Volume number/sequential designation | 2278 |
| 856 40 - ELECTRONIC LOCATION AND ACCESS | |
| Uniform Resource Identifier | <a href="http://www.gutenberg.org/ebooks/2278">http://www.gutenberg.org/ebooks/2278</a> |
| 942 ## - ADDED ENTRY ELEMENTS (KOHA) | |
| Koha item type | eBooks |
| Withdrawn status | Lost status | Damaged status | Home library | Current library | Date acquired | Total Checkouts | Date last seen | Price effective from | Koha item type |
|---|---|---|---|---|---|---|---|---|---|
| Project Gutenberg | Project Gutenberg | 08/28/2014 | 08/28/2014 | 08/28/2014 | eBooks |